Infectious diseases , often on the animals at banteay mean chey province, (ជម្ងឺឆ្លងដែលជួបប្រទះញឹកញាប់លើសត្វពាហនៈ ក្នុងខេត្តបន្ទាយមានជ័យ) (Record no. 1720)

000 -LEADER
fixed length control field 00617nam a22001577a 4500
003 - CONTROL NUMBER IDENTIFIER
control field OSt
005 - DATE AND TIME OF LATEST TRANSACTION
control field 20151002173528.0
008 - FIXED-LENGTH DATA ELEMENTS--GENERAL INFORMATION
fixed length control field 151002b xxu||||| |||| 00| 0 eng d
040 ## - CATALOGING SOURCE
Transcribing agency RUA
082 ## - DEWEY DECIMAL CLASSIFICATION NUMBER
Classification number AVM HAs 1995 B069 Or.1
100 ## - MAIN ENTRY--PERSONAL NAME
9 (RLIN) 1823
Personal name HAS PISETH
245 ## - TITLE STATEMENT
Title Infectious diseases , often on the animals at banteay mean chey province, (ជម្ងឺឆ្លងដែលជួបប្រទះញឹកញាប់លើសត្វពាហនៈ ក្នុងខេត្តបន្ទាយមានជ័យ)
260 ## - PUBLICATION, DISTRIBUTION, ETC. (IMPRINT)
Place of publication, distribution, etc. phnom penh
Name of publisher, distributor, etc. RUA
Date of publication, distribution, etc. 1995
300 ## - PHYSICAL DESCRIPTION
Extent 83p.
Other physical details ill.
Dimensions 29cm.
942 ## - ADDED ENTRY ELEMENTS (KOHA)
Source of classification or shelving scheme
Koha item type AVM
Holdings
Price effective from Date last seen Permanent Location Not for loan Date acquired Source of classification or shelving scheme Koha item type Lost status Withdrawn status Date last checked out Total Checkouts Shelving location Damaged status Barcode Current Location Full call number
2015-10-022016-12-02Library Block B 2015-10-02 AVM  2016-10-312B069 RUA009074Library Block BAVM HAs 1995 B069 Or.1
មជ្ឈមណ្ឌលឯការនៃសាកលវិទ្យាល័យភូមិន្ទកសិកម្មចំការដូង

Powered by Koha